Cenizas de Izalco de Claribel Alegría y Darwin Flakoll o la armonización posible
Сохранить в:
| Главный автор: | |
|---|---|
| Формат: | Неизвестно |
| Язык: | Spanish |
| Опубликовано: |
[Italia]
Cisalpino
1990
|
| Предметы: | |
| Метки: |
Добавить метку
Нет меток, Требуется 1-ая метка записи!
|
MARC
| LEADER | 000000000a22000000004500 | ||
|---|---|---|---|
| 001 | 002068 | ||
| 003 | CIICLA | ||
| 005 | 20140108160804.0 | ||
| 007 | ta | ||
| 008 | 140108b1990 it |||| |||| 00| 0 spa d | ||
| 040 | |c cru CIICLA Universidad de Costa Rica | ||
| 041 | 0 | |a español | |
| 092 | 0 | |a ES863.4 A174c | |
| 100 | 1 | |a Acevedo, Ramón Luis |9 58 | |
| 245 | 1 | 0 | |a Cenizas de Izalco |b de Claribel Alegría y Darwin Flakoll o la armonización posible |c Ramón Luis Acevedo |
| 260 | |a [Italia] |b Cisalpino |c 1990 | ||
| 300 | |a 77-88 páginas | ||
| 500 | |a número de inscripción 01348 -- Separata de Studio di letteratur ispano-americana, número 21, 1990 | ||
| 600 | 4 | |a ALEGRIA, CLARIBEL, 1924- .CENIZAS DE IZALCO | |
| 600 | 4 | |a FLAKOLL, DARWIN J. | |
| 650 | 4 | |a LITERATURA SALVADOREÑA | |
| 650 | 4 | |a NOVELA | |
| 650 | 4 | |a HISTORIA Y CRITICA | |
| 942 | |2 ddc |c BK | ||
| 999 | |c 2945 |d 2945 | ||
